Largest Icelandic Glaciers - Statistics

General Stats
  • This quiz has been taken 11 times
  • The average score is 4 of 13
Answer Stats
Area Answer % Correct
8,300 Vatnajökull
100%
925 Hofsjökull
57%
160 Drangajökull
43%
78 Eyjafjallajökull
43%
953 Langjökull
43%
596 Mýrdalsjökull
43%
11 Snæfellsjökull
43%
15 Torfajökull
14%
22 Eiríksjökull
0%
32 Þórisjökull
0%
22 Þrándarjökull
0%
19 Tindfjallajökull
0%
48 Tungnafellsjökull
0%
No matching quizzes found
Score Distribution
Percent of People with Each Score
Percentile by Number Answered
Your Score History
You have not taken this quiz